|
|
|
|
| LEADER |
00811cam a2200229 7i4500 |
| 001 |
0000034071 |
| 005 |
20170307090000.0 |
| 007 |
##ta |
| 008 |
170307s2016 |
| 040 |
# |
# |
|a MATR
|
| 090 |
0 |
0 |
|a ARGT 658.834
|b CON
|
| 245 |
0 |
0 |
|a CONSUMER LIFESTYLES IN ARGENTINA
|c Euromonitor International.
|
| 264 |
# |
1 |
|a London:
|b Euromonitor International,
|c 2016.
|
| 300 |
# |
# |
|a ii, 38 pages:
|b illustrations;
|c 30 cm.
|
| 336 |
# |
# |
|a text
|2 rdacontent
|
| 337 |
# |
# |
|a unmediated
|2 rdamedia
|
| 338 |
# |
# |
|a volume
|2 rdacarrier
|
| 490 |
0 |
# |
|a Market report - April 2016
|
| 650 |
# |
0 |
|a Consumer behaviour --
|x Markets --
|z Argentina
|
| 650 |
# |
0 |
|a Consumer --
|x Research --
|z ArgentinaxMarkets
|
| 650 |
# |
0 |
|a Consumer lifestyles --
|x Markets --
|z Argentina
|
| 999 |
|
|
|a B000038677
|b Book
|c COUNTRIES
|e Business Information Centre
|